Sports Quiz

Random Sports or NHL Quiz

1995-1996 Pittsburgh Penguins roster Quiz Stats

 Plays Quiz not verified by Sporcle

Challenge
Share
Tweet
Embed
Score 0/36 Timer 06:00
0 Plays Today
Position Player Name % Correct
RJaromir Jagr
100%
FMario Lemieux
99.5%
CRon Francis
90.9%
GTom Barrasso
79%
LPetr Nedved
68.8%
DSergei Zubov
64.5%
GKen Wregget
60.8%
LMarkus Naslund
51.1%
RTomas Sandstrom
48.4%
CBryan Smolinski
33.3%
DChris Tamer
32.8%
RGlen Murray
26.3%
DFrancois Leroux
25.8%
RAlek Stojanov
25.3%
RKevin Miller
24.2%
CRichard Park
23.1%
DDmitri Mironov
22.6%
RIan Moran
22.6%
Position Player Name % Correct
LDavid Roche
17.2%
DNorm Maciver
15.1%
LJoe Dziedzic
15.1%
DNeil Wilkinson
14.5%
DJ.J. Daigneault
14.5%
CChris Wells
14.5%
DChris Joseph
14%
LBrad Lauer
8.6%
REd Patterson
8.1%
CLen Barrie
8.1%
DDrake Berehowsky
7.5%
DGreg Andrusak
7%
CDave McLlwain
6.5%
DCorey Foster
6.5%
CRusty Fitzgerald
6.5%
LJeff Christian
5.9%
DPeter Allen
5.4%
DStefan Bergkvist
3.8%

You're not logged in!

Compare scores with friends on all Sporcle quizzes.
Join for Free
OR
Log In

You Might Also Like...

Show Comments

Extras

Top Quizzes Today


Score Distribution

Your Account Isn't Verified!

In order to create a playlist on Sporcle, you need to verify the email address you used during registration. Go to your Sporcle Settings to finish the process.

Report this User

Report this user for behavior that violates our Community Guidelines.

Details: